| 000 | 00882cam a22001697a 4500 | ||
|---|---|---|---|
| 008 | 100621t2001 xxu||||gr|||| 00| 0 ara d | ||
| 082 |
_222 _a813.009 _bت ل ا |
||
| 100 |
_914977 _aالتلاوى، محمد نجيب |
||
| 245 |
_aوجهة النظر فى روايات الأصوات العربية فى مصر / _cمحمد نجيب التلاوى . |
||
| 260 |
_aالقاهرة : _bالهيئة العامة لقصور الثقافة ، _c2001. |
||
| 300 |
_a270 ص : _c24سم. _bايض ؛ |
||
| 490 |
_914978 _a؛كتابات نقدية _v117 |
||
| 504 | _aيحتوى على إرجاعات ببليوجرافية | ||
| 650 |
_914981 _aالقصص العربية _xتاريخ ونقد |
||
| 942 |
_2ddc _cBB |
||
| 999 |
_c14143 _d14143 |
||